| 000 | 00615nam a2200193 a 4500 | ||
|---|---|---|---|
| 001 | 000040561 | ||
| 005 | 20201002034220.0 | ||
| 008 | 130902s2005 sp a 000 0 spa d | ||
| 020 | _a9788425219818 | ||
| 040 |
_aDO-SdBNP _bspa _cBNPHU |
||
| 100 | 1 |
_aHeskett, John _966884 |
|
| 240 | 1 | 0 |
_aTooth & logos-Dasign in everyday life _lEspañol |
| 245 | 1 | 3 |
_aEl diseño en la vida cotidiana / _cJohn Heskett. |
| 260 |
_aBarcelona : _bGustavo Gili, _c2005. |
||
| 300 |
_a214 p. : _bils. ; _c21 cm. |
||
| 500 | _aIncluye índice onomástico | ||
| 500 | _aTraducido del idioma inglés | ||
| 504 | _aBibliografía : p. 203-207 | ||
| 999 |
_c40051 _d40051 |
||